|
|
|
|
| LEADER |
01995nam a2200337 a 4500 |
| 001 |
12157611 |
| 003 |
BD-DhAAL |
| 008 |
091029s2003 fi a b 000 0 eng d |
| 010 |
|
|
|a \\\00400975
|
| 020 |
|
|
|a 9514446232
|a 984836000x
|
| 040 |
|
|
|a DLC
|c DLC
|d BD-DhAAL
|
| 082 |
0 |
0 |
|a 338.91/095492
|2 21
|
| 100 |
1 |
|
|a Begum, Afroza.
|9 1561
|
| 245 |
1 |
0 |
|a Government-NGO interface in development management :
|b experiences of selected collaboration models in Bangladesh /
|c Afroza Begum.
|
| 260 |
|
|
|a Tampere ;
|a Dhaka :
|b University of Tampere;
|b A H Development Publishing House
|c 2003.
|
| 300 |
|
|
|a 178 pages :
|b illustrations ;
|c 21 cm.
|
| 490 |
1 |
|
|a Tampereen yliopisto, Hallintotiede 2000,
|x 1236-9632 ;
|v A 18
|
| 500 |
|
|
|a Originally presented as the author's thesis (doctoral--University of Dhaka, 1999).
|
| 504 |
|
|
|a Includes bibliographical references (p. 160-173).
|
| 541 |
1 |
|
|e 00013438
|
| 650 |
|
0 |
|a Non-governmental organizations
|z Bangladesh.
|9 1562
|
| 650 |
|
0 |
|a Community development
|z Bangladesh.
|9 1563
|
| 830 |
|
0 |
|a Hallintotiede.
|9 1564
|
| 852 |
4 |
|
|a Ayesha Abed Library
|j General shelf
|
| 942 |
|
|
|2 ddc
|c BK
|
| 999 |
|
|
|c 7837
|d 7837
|
| 952 |
|
|
|0 0
|1 0
|2 ddc
|4 0
|6 338_910954920000000_BEG
|7 0
|9 8760
|a BRACUL
|b BRACUL
|c GEN
|d 2010-03-23
|g 375.00
|l 2
|o 338.91095492 BEG
|p 3010013438
|r 2013-11-19
|s 2013-10-26
|t 1
|w 2010-03-23
|y BK
|
| 952 |
|
|
|0 0
|1 0
|2 ddc
|4 0
|6 338_910954920000000_BEG
|7 0
|9 17842
|a BRACUL
|b BRACUL
|c GEN
|d 2011-08-14
|g 375.00
|l 1
|m 4
|o 338.91095492 BEG
|p 3010013439
|r 2016-08-29
|s 2016-08-02
|t 2
|w 2011-08-14
|y BK
|
| 952 |
|
|
|0 0
|1 0
|2 ddc
|4 0
|6 338_910954920000000_BEG_2003
|7 0
|9 18149
|a BRACUL
|b BRACUL
|c GEN
|d 2011-09-20
|l 1
|o 338.91095492 BEG
|p 3010010366
|r 2012-06-03
|s 2012-05-29
|t 3
|w 2011-09-20
|y BK
|
| 952 |
|
|
|0 0
|1 0
|2 ddc
|4 0
|6 338_910954920000000_BEG
|7 0
|9 54406
|a SCL
|b SCL
|c GEN
|d 2015-06-20
|g 375.00
|l 0
|o 338.91095492 BEG
|p 3020004870
|r 2015-06-20
|t 4
|w 2015-06-20
|y BK
|
| 952 |
|
|
|0 0
|1 0
|2 ddc
|4 0
|6 338_910000000000000_095492_BEG
|7 0
|9 61074
|a IGS
|b IGS
|d 2007-08-29
|e BIGD
|g 295.00
|l 0
|o 338.91095492 BEG
|p 3050016854
|r 2017-08-29
|w 2017-08-29
|y BK
|